01274nam a2200313 i 450000100060000000300100000600500170001600700030003300800410003602000180007704000350009504100130013004300120014308400060015510000340016124500240019525000220021926400550024130000520029633600270034833700330037533800280040852002850043652100620072165000510078365000490083465000410088365000360092460750CO-BoRNBP20260317212933.0ta210826s2008 sp a 0 ar s j spa d a9788493618544 aCO-BoRNBPbspaerdacCO-BoRNBP1 aspahkor aa-ko--- aA1 aLee, Suzy,d1974- ,eauteill13aLa ola /cSuzy Lee. aPrimera edición 1aCádiz, España :bBarbara Fiore Editora,c2008. a34 páginas :bilustraciones a color ;c31 cm. atextobtxt2rdacontent asin mediaciónbn2rdamedia avolumenbnc2rdacarrier1 aEn este sugerente libro sin palabras Lee nos cuenta la historia de una niña en un día de playa. La impresionante simplicidad de las ilustraciones, en tan sólo dos tonos de acuarela, crean una vibrante e inolvidable historia llena de alegría y risas. (Tomado de la fuente).1 aRecomendado para un público infantil mayor de 3 años.17aÁlbumes infantiles coreanosySiglo XXI2rnbp17aLiteratura infantil coreanaySiglo XXI2rnbp17aImaginación en la literatura2rnbp17aOcéano en la literatura2rnbp